00521nam a2200205Ia 4500008004100000041001200041082002300053100001900076245003000095260003900125300000800164365000800172520001200180520002700192546001200219630003000231650001200261655001200273730003000285101110s9999 xx 000 0 und d aMARATHI bSR28230a891.46009 aChoughule V.S. aSant, samaj aani adhyatma c2006bMadhura Prakashan, Mira road a140 b110 aMarathi aUGC X PLAN (2005-2006) aMARATHI aSant, samaj aani adhyatma aMarathi aMarathi aSant, samaj aani adhyatma